000 00953nas a2200325 4500
001 BR0706216
003 BR-BrBNA
005 20231205111309.0
007 ta
008 230509b bl.|||p| |||| 00| 00por d
040 _aBR-BrBNA
_bpor
_cBiblioteca Nacional de Agricultura
041 _a(Pt)
072 _aQ54
100 1 _aNunes, R.V.
100 1 _aRocha, L.D.
100 1 _aPozza, P.C.
100 1 _aCelke, C.A.
100 1 _aScherer, C.
100 1 _aDebastiani, M.
100 1 _aOliveira, A.A.M.A.
245 1 _aValores energéticos do milho e do farelo de soja determinados com poedeiras na fase de produção
650 _aGALINHA PARA POSTURA
650 _aMILHO
650 _aFARELO DE SOJA
650 _aMETABOLISMO
650 _aPRODUÇÃO
773 0 _tArchives of Veterinary Science (Brazil)
_xISSN 1517-784X
_g(2006), v. 11(2) p. 34-39
_wBR0706216
909 _a202311
_bLúcia
_c55
_dLúcia Elande
942 _2AGRIS
_n0
_cANA
999 _c191895
_d191895